Starring Tom Hardy - Statistics

General Stats
  • This quiz has been taken 11 times
  • The average score is 8 of 22
Answer Stats
Hint Answer % Correct
The youngest son of an alcoholic former boxer returns home, where he's trained by his father for competition in a mixed martial arts tournament - a path that puts the fighter on a collision course with his estranged, older brother. Warrior
78%
A failed reporter is bonded to an alien entity, one of many symbiotes who have invaded Earth. But the being takes a liking to Earth and decides to protect it. Venom
67%
Identical twin gangsters terrorise London during the 1960s. Legend
56%
Bane, an imposing terrorist, attacks Gotham City and disrupts its eight-year-long period of peace. This forces Bruce Wayne to come out of hiding and don the cape and cowl of Batman again. The Dark Knight Rises
56%
A thief who steals corporate secrets through the use of dream-sharing technology is given the inverse task of planting an idea into the mind of a C.E.O., but his tragic past may doom the project and his team to disaster. Inception
44%
A gangster family epic set in 1900s England, centering on a gang who sew razor blades in the peaks of their caps, and their fierce boss. Peaky Blinders
44%
A frontiersman on a fur trading expedition in the 1820s fights for survival after being mauled by a bear and left for dead by members of his own hunting team. The Revenant
44%
CIA agents and best friends discover that they are in love with the same woman. Each of them then decides to win her over by using their own skills. This Means War
44%
A disgraced member of the Russian military police investigates a series of child murders during the Stalin-era Soviet Union.
Child 44
33%
Allied soldiers from Belgium, the British Commonwealth and Empire, and France are surrounded by the German Army and evacuated during a fierce battle in World War II. Dunkirk
33%
A trio of bootlegging brothers are threatened by a new special deputy and other authorities angling for a cut of their profits. Lawless
33%
A dedicated family man and successful construction manager, receives a phone call that sets in motion a series of events that threaten his carefully cultivated existence. Locke
33%
In a post-apocalyptic wasteland, a woman rebels against a tyrannical ruler in search for her homeland with the aid of a group of female prisoners, a psychotic worshipper and a drifter named Max. Mad Max: Fury Road
33%
Bob Saginowski finds himself at the center of a robbery gone awry and entwined in an investigation that digs deeply into the neighborhood's past where friends, families, and foes all work together to make a living--no matter the cost. The Drop
33%
A reporter attempts to reignite his career by interviewing a serial killer, who escapes prison after becoming the host to an evil symbiote. Venom: Let There Be Carnage
33%
Adventurer James Keziah Delaney returns to London during the War of 1812 to rebuild his late father's shipping empire. However, both the government and his biggest competitor want his inheritance at any cost--even murder. Taboo
22%
In the bleak days of the Cold War, espionage veteran George Smiley is forced from semi-retirement to uncover a Soviet Agent within MI6. Tinker Tailor Soldier Spy
22%
Foundling Heathcliff is raised by the wealthy Earnshaws in Yorkshire but in later life launches a vendetta against the family. Wuthering Heights
22%
When the villagers offer their brethren as a sacrifice to the Minotaur, Theo sets off on a harrowing quest to the labyrinth to kill the evil bull-god. Minotaur
11%
When a Russian mobster orchestrates a crooked land deal, millions of dollars are up for grabs, drawing in the entire London underworld into a feeding frenzy at a time when the old criminal regime is losing turf to a wealthy foreign mob. RocknRolla
11%
A writer takes a backwards look at the life of his unlikely friend, a homeless alcoholic who experienced a traumatic childhood event. Stuart: A Life Backwards
11%
Having served a four-year sentence, a criminal sociopath is released from prison and when he's ready to get back into the mob game he finds out his cousin has been taking advantage of his reputation. The Take
11%
No matching quizzes found
Score Distribution
Percent of People with Each Score
Percentile by Number Answered
Your Score History
You have not taken this quiz